Abismos : último reino, iii /

Guardado en:
Autor Principal: Quignard, Pascal
Otros Autores: Schilling, Carlos, trad.
Formato: Libro
Publicado: Buenos Aires : El cuenco de plata, 2015
Materias:
Etiquetas: Agregar Etiqueta
Sin Etiquetas, Sea el primero en etiquetar este registro!
LEADER 00596nam a22001935a 4500
001 EHU.bham044199
003 AR-BHAM
005 20160905131524.0
008 130507s2015##################000#0#####d
020 |a 9789873743450 
082 8 4 |a 848.9 
100 1 |a Quignard, Pascal 
245 1 0 |a Abismos :  |b último reino, iii /  |c Pascal Quignard : 
260 |a Buenos Aires :  |b El cuenco de plata,  |c 2015 
300 |a 217 p. 
653 |a Miscelánea francesa-2000- 
653 |a Literatura francesa-2000- 
700 1 |a Schilling, Carlos, trad. 
859 |a AR-BHAM  |b BIB. HUMANIDADES - General  |h 848.9  |i Q41-3  |p 425.16  |t Ej.1